000
00329nam a2200133Ia 4500
008
240624s9999 xx 000 0 und d
041
_a
eng
082
_a
658.403 MAR
100
_a
MARCH JAMES G
245
_a
PRIMER ON DECISION MAKING HOW DECISIONS
260
_c
2009
_a
New York
_b
Free Press
300
_a
312 : p.
365
_c
RS
999
_c
18330
_d
18330